zpět

Detail výsledku týmu

The Pub Praha 2 ČT, Praha

Datum a čas kvízu

27.5 Celkem bodů Celkový počet nahraných bodů na tomto kvízu bez doplňovacích otázek.
12. Pořadí na kvízu Konečné umístění týmu na tomto kvízu.

Zaznamenané odpovědi

# Otázka Odpověď Body Výsledky
2. Donald Trump oznámil, že chce... vítězný oblouk 1
3. Středeční přehlídka spodního p... A) v devátém měsíci těhotenství 1
4. Kim Kardashian minulý týden př... Jsou chlupaté. 1
5. Fotbalisté z malého afrického... Kapverdy 1
1. Minulý čtvrtek byl na několik... Metrouš 1
6. Napište jméno pouště na obrázk... Namib (Namibská poušť) 0
7. Uveďte, kterým čtyřpísmenným p... vádí 0
8. Vyberte, se kterým živočichem... B 1
9. Pokud bylo cílovým místem slav... růžová (Růžové jezero) 0
10. Britský umělec Gordon Sumner s... Sting 1